| 000 | 02008cam a22004214i 4500 | ||
|---|---|---|---|
| 003 | PE-LiUPU | ||
| 005 | 20250731175633.0 | ||
| 008 | 150625s2000 xxu r 000 0 spa d | ||
| 020 | _a0311421040 | ||
| 035 | _a(Sirsi) i9780311421046 | ||
| 040 |
_aPE-LiUPU _bspa _cPE-LiUPU _erda |
||
| 049 | _aPRUA | ||
| 082 | 0 | 4 |
_a487.415 _bH21S _221 |
| 100 | 1 |
_aHanna, Roberto, _eautor. |
|
| 245 | 1 | 0 |
_aSintaxis exegética del Nuevo Testamento griego / _cRoberto Hanna. |
| 264 | 1 |
_aEL Paso, TX : _bMundo Hispano, _c2000. |
|
| 300 |
_a444 páginas ; _c21 centímetros |
||
| 336 |
_atext _2rdacontent |
||
| 337 |
_aunmediated _2rdamedia |
||
| 338 |
_avolume _2rdacarrier |
||
| 505 | 0 | _aIntroducción al estudio de la sintaxis. -Las conjunciones en el Nuevo Testamento. -Modos verbales en el Nuevo Testamento. -Tiempos verbales en el Nuevo Testamento. -Las voces verbales en el Nuevo Testamento. -El participio en el Nuevo Testamento. -El infinito en el Nuevo Testamento. | |
| 526 | _aP145 | ||
| 526 | _aP127 | ||
| 526 | _aP97 | ||
| 526 | _aP35 | ||
| 526 | _aP14 | ||
| 526 | _aP07 | ||
| 541 | _g003-0004023; | ||
| 541 | _g001-0000044; | ||
| 650 | 0 | 4 |
_aGriego biblico _xGramática. _95993 |
| 942 |
_2ddc _cBOOK |
||
| 949 |
_a487.415 H21S _wDEWEY _c1 _i60253 _d2016-11-6 _e2016-11-3 _lCCODEBUL1 _mBUL _n12 _p18.00 _r0 _sY _tBOOK _u2015-6-25 _xTEOLOGIA _zUNKNOWN _0COMPRA _o.STAFF. Colección Teología |
||
| 949 |
_a487.415 H21S _wDEWEY _c2 _i55992 _lILL _mBUL _p12.00 _r0 _sY _tBOOK _u2015-6-25 _xTEOLOGIA _zUNKNOWN _0COMPRA _o.STAFF. Colección Teología |
||
| 994 |
_aC0 _bPEPRU |
||
| 596 | _a1 | ||
| 999 |
_a487.415 H21S _wDEWEY _c44825 _i60253 _d44825 _e2019-7-26 _f2021-11-12 _g5 _lCCODEBUL1 _mBUL _n36 _p18.00 _q14 _r0 _sY _tBOOK _u2015-6-25 _xTEOLOGIA _PP35 _0COMPRA _o.STAFF. Colección Teología |
||
| 999 |
_a487.415 H21S _wDEWEY _c2 _i55992 _lILL _mBUL _p12.00 _r0 _sY _tBOOK _u2015-6-25 _xTEOLOGIA _zUNKNOWN _0COMPRA _o.STAFF. Colección General |
||
| 980 |
_81 _gALBERTO SANCHEZ Responsable de Automatización |
||